000 04179cam a2200289 4500500
005 20251228064333.0
041 _afre
042 _adc
100 1 0 _aBoubaker, Rana
_eauthor
700 1 0 _aNegron-Poblete, Paula
_eauthor
700 1 0 _aMorales, Ernesto
_eauthor
245 0 0 _aDéménager dans une résidence pour aînés au Québec : une stratégie pour faire face à la vulnérabilité
260 _c2021.
500 _a98
520 _aLes individus âgés passent plus de temps dans leur logement et leur quartier, de sorte que les caractéristiques de l’environnement résidentiel influencent particulièrement leur expérience du vieillissement. Comme cette expérience peut être caractérisée par des situations de vulnérabilités individuelle, économique ou sociale, elle peut aussi être marquée par une vulnérabilité face à l’environnement. Cet essai présente, à travers une étude de la littérature, la manière dont l’environnement physique contribue à la construction de la vulnérabilité chez l’aîné et son influence sur sa mobilité résidentielle. Nous avons choisi de nous référer aux textes récents qui ont été publiés, en majorité entre 2000 et 2019, pour examiner les différentes formes de vulnérabilités chez les aînés et présenter le concept de « vulnérabilité environnementale ». Face à elle, les personnes âgées peuvent développer diverses réponses qui constituent les stratégies de « défense » ou des moyens de « faire face » à cette situation. La mobilité vers une résidence pour aînés est une de ces réponses. Cet article présente d’abord le concept de vulnérabilité chez les aînés et ses différentes dimensions, notamment « la vulnérabilité environnementale » ; il expose ensuite le rôle de l’environnement physique et social dans la mobilité vers une résidence collective pour aînés. Enfin sont présentées les différentes propriétés environnementales de la résidence pour aînés, au niveau architectural et urbain, qui contribuent à la création du nouveau chez-soi et favorisent la qualité de vie chez la personne âgée qui déménage vers ce type de milieu résidentiel.
520 _aBecause elderly individuals spend more time at home and in their neighbourhood, the characteristics of the residential environment have a particularly strong influence on their experience of ageing. As this experience can involve situations of individual economic or social vulnerabilities, it may also be characterised by vulnerability relative to the environment. Drawing on a study of the literature, this article analyses the way in which the physical environment contributes to the construction of vulnerability among seniors and its influence on residential mobility. We chose to refer to recent studies, the majority of them published between 2000 and 2019, to examine the various forms of vulnerability among seniors and review the concept of “environmental vulnerability”. To address this form of vulnerability, seniors may develop an array of responses that constitute “defence” strategies or “ways of coping” with the situation. Moving to a residence for seniors is one such response. We begin by reviewing the concept of vulnerability and its various aspects, notably “environmental vulnerability”. We then highlight the role played by the physical and social environment in the residential mobility of seniors to a collective residence for seniors. Lastly, we focus on the environmental properties of the residence for seniors, both architectural and urban, that contribute to the creation of a new home and foster the quality of life or seniors moving to such a residence.
690 _aenvironnement
690 _amobilité résidentielle
690 _apersonnes âgées
690 _avulnérabilité
690 _aenvironment
690 _aresidential mobility
690 _aseniors
690 _avulnerability
786 0 _nRetraite et société | 86 | 2 | 2021-09-29 | p. 183-203 | 1167-4687
856 4 1 _uhttps://shs.cairn.info/revue-retraite-et-societe-2021-2-page-183?lang=fr&redirect-ssocas=7080
999 _c1589884
_d1589884